000 00396nam a2200145Ia 4500
008 230917s9999||||xx |||||||||||||| ||und||
040 _e129461
_aMAIN
041 _aEnglish
082 _a361.603 S64E
100 _aSingh, Ravindra Prasad
245 0 _aEncyclopaedia of social welfare and administration. 2V
260 _aNew Delhi
_bAnmol Publications
_c2009
300 _a730 p.
942 _cBK
999 _c149442
_d149442